000 00198 a2200097 4500
001 6829
100 _aParvin, R H
245 _aInertial Navigation
260 _a
_bNostrand
_c
090 _c5642
_d5642
942 _aNUST-CAE
_cM
_c32092
999 _c241902
_d241902